Music Quiz

Random Music or Clip Quiz

Pop Song by Instrumental Clip Quiz Stats

Quiz not verified by Sporcle

Also try: Which Band?
Challenge
Share
Tweet
https://soundcloud.com/user-53100952/pop-song-by-instrumental/s-gqea0
Score 0/80 Timer 20:00
0 Plays Today
Hint Answer % Correct
0:10-0:20Halo
85.7%
1:44-1:51Firework
83.7%
2:18-2:29Somebody That I Used To Know
83.7%
3:25-3:36Rude
83.7%
2:29-2:37Hey There Delilah
81.6%
4:29-4:38Toxic
81.6%
6:06-6:16I'm Yours
81.6%
6:54-7:03Glad You Came
81.6%
8:26-8:32Shake it Off
81.6%
0:00-0:10Just Give Me A Reason
79.6%
0:42-0:50Can't Stop the Feeling
79.6%
4:38-4:48Blank Space
79.6%
4:58-5:08Pompeii
79.6%
6:24-6:34Counting Stars
79.6%
1:11-1:21Stressed Out
77.6%
5:38-5:47Roar
77.6%
2:53-3:03Closer
75.5%
6:16-6:24She Will Be Loved
75.5%
12:05-12:15Party Rock Anthem
75.5%
0:31-0:42No One
73.5%
1:01-1:11Thinking Out Loud
73.5%
1:58-2:07Work From Home
73.5%
5:27-5:38Cheerleader
73.5%
7:13-7:21Let Her Go
73.5%
7:59-8:08All of Me
73.5%
11:50-11:57Poker Face
73.5%
11:06-11:14Wake Me Up
71.4%
4:17-4:29Say Something
69.4%
5:57-6:06Wake Me Up When September Ends
69.4%
8:08-8:18Cups
69.4%
9:04-9:11How to Save a Life
69.4%
10:32-10:41Titanium
69.4%
11:57-12:05Dark Horse
69.4%
3:46-3:57I'm Not The Only One
67.3%
0:20-0:31Same Love
65.3%
11:23-11:33Shut Up and Dance
65.3%
4:48-4:58Pillowtalk
61.2%
6:45-6:547 Years
61.2%
5:47-5:57Lean On
59.2%
10:59-11:06See You Again
59.2%
Hint Answer % Correct
11:14-11:23Burn
59.2%
2:45-2:53Safe and Sound
57.1%
3:15-3:251985
57.1%
8:48-8:57Love Yourself
55.1%
9:11-9:20This Is What You Came For
55.1%
3:36-3:46Before He Cheats
53.1%
10:24-10:32Ride
53.1%
0:50-1:01Confident
51%
2:07-2:18When I Was Your Man
51%
9:27-9:36Cool KIds
51%
11:33-11:40Sugar
51%
10:08-10:16Stronger
49%
1:21-1:32Steal My Girl
46.9%
9:59-10:08Treat You Better
46.9%
2:37-2:45Give Your Heart a Break
44.9%
6:34-6:45Mercy
44.9%
10:41-10:50Don't You Worry Child
44.9%
5:18-5:27Brave
42.9%
7:50-7:59Dangerous Woman
42.9%
8:18-8:26Carry On
42.9%
1:32-1:44Edge of Glory
40.8%
7:03-7:13A Thousand Years
40.8%
10:50-10:59Downtown
40.8%
4:07-4:17Mr. Know It All
38.8%
9:36-9:46Try
38.8%
7:21-7:30Roses
36.7%
7:30-7:39Starving
36.7%
8:57-9:04We Don't Talk Anymore
32.7%
10:16-10:24Me Too
32.7%
3:57-4:07Good Feeling
30.6%
3:03-3:15I See Fire
28.6%
8:39-8:48Never Forget You
26.5%
9:46-9:59Bad Things
26.5%
7:39-7:50When We Were Young
22.4%
9:20-9:27Immortals
22.4%
12:15-12:25Irresistable
22.4%
1:51-1:58Human
16.3%
8:32-8:39Lost Boy
16.3%
11:40-11:50Catch My Breath
16.3%
5:08-5:18Flashlight
14.3%

You're not logged in!

Compare scores with friends on all Sporcle quizzes.
Join for Free
OR
Log In

You Might Also Like...

Show Comments

Extras

Top Quizzes Today


Score Distribution

Your Account Isn't Verified!

In order to create a playlist on Sporcle, you need to verify the email address you used during registration. Go to your Sporcle Settings to finish the process.

Report this User

Report this user for behavior that violates our Community Guidelines.

Details: